Premiéři České republiky - Statistics

General Stats
  • This quiz has been taken 864 times
  • The average score is 8 of 12
Answer Stats
premiér % Correct
2017 - ANO Andrej Babiš
100%
1993 - 1998 ODS Václav Klaus
87%
1998 - 2002 ČSSD Miloš Zeman
85%
2014 - 2017 ČSSD Bohuslav Sobotka
82%
2010 - 2013 ODS Petr Nečas
74%
2005 - 2006 ČSSD Jiří Paroubek
72%
2006 - 2009 ODS Mirek Topolánek
72%
2004 - 2005 ČSSD Stanislav Gross
64%
2002 - 2004 ČSSD Vladimír Špidla
52%
2009 - 2010 nestr. Jan Fischer
47%
2013 - 2014 nestr. Jiří Rusnok
46%
1997 - 1998 nestr. Josef Tošovský
35%
No matching quizzes found
Score Distribution
Percent of People with Each Score
Percentile by Number Answered
Your Score History
You have not taken this quiz